00626nam a2200193 a 4500001001000000003000900010005001700019007000300036008004100039040002500080100003700105245006400142250001100206260004200217300003700259942001400296952010500310999001700415000039452DO-SdBNP20220128085655.0ta130628s1991 dr ac 000 0 spa d aDO-SdBNPbspacBNPHU1 aFerreras, Ramón Alberto96565510aGuerra patria :bSanto Domingo /cRamón Alberto Ferreras. a3a ed. aSanto Domingo :bDel Nordeste,c1991. a575 p. :bils., retrs. ;c21 cm. 2ddccLBS1 0010718PDaPDbPDcCTd2013-06-28iLF1l0o p39452-10r2020-06-25w2020-06-25yLFPDZNo se presta c38942d38942